000 00411nam a2200157Ia 4500
008 230917s9999||||xx |||||||||||||| ||und||
040 _e77731
_aMAIN
041 _aEnglish
082 _a345 K156S
100 _aKathuria, R P
245 0 _aSupreme court on criminal law 1950 to 1983
250 _a3rd ed.
260 _aDelhi
_bKathuria publication
_c1984
300 _alxxxiii, 1-1379, 1-1492 p.
942 _cBK
999 _c42046
_d42046